000 00665cam a2200229 4500500
005 20260405001133.0
041 _afre
042 _adc
100 1 0 _aNassif, Philippe
_eauthor
245 0 0 _aBaptiste Morizot, Michel Bozon. L’amour flou
260 _c2011.
500 _a24
690 _aBaptiste Morizot
690 _aHasard
690 _aMariage
690 _aMichel Bozon
690 _aRencontre
690 _aSociologie
690 _aStatistique
786 0 _nPhilosophie magazine | 51 | 7 | 2011-07-01 | p. 22-24 | 1951-1787
856 4 1 _uhttps://shs.cairn.info/magazine-philosophie-magazine-2011-7-page-22?lang=fr&redirect-ssocas=7080
999 _c2044461
_d2044461